ბათუმის შოთა რუსთაველის სახელმწიფო უნივერსიტეტის ბიბლიოთეკა

ორთოგრაფიული ლექსიკონი. (ბიბ.ჩანაწერი № 44338)

000 -LEADER
fixed length control field 00712nam a2200217Ia 4500
001 - CONTROL NUMBER
control field 11099
003 - CONTROL NUMBER IDENTIFIER
control field GE_BSU
008 - FIXED-LENGTH DATA ELEMENTS--GENERAL INFORMATION
fixed length control field 181216s||||||||xx |||||||||||||| ||und||
040 ## - CATALOGING SOURCE
Transcribing agency GE_BSU
080 ## - UNIVERSAL DECIMAL CLASSIFICATION NUMBER
Universal Decimal Classification number 81'374(038)
100 ## - MAIN ENTRY--PERSONAL NAME
Personal name თოფურია,ვ. გიგინეიშვილი,ი.
245 ## - TITLE STATEMENT
Title ორთოგრაფიული ლექსიკონი.
245 ## - TITLE STATEMENT
Statement of responsibility, etc. რედ.ს.ყაუხჩიშვილი
250 ## - EDITION STATEMENT
Edition statement მე-3 გამოც.
260 ## - PUBLICATION, DISTRIBUTION, ETC.
Place of publication, distribution, etc. თბილისი.
260 ## - PUBLICATION, DISTRIBUTION, ETC.
Name of publisher, distributor, etc. სახელგამი.
260 ## - PUBLICATION, DISTRIBUTION, ETC.
Date of publication, distribution, etc. 1949.
300 ## - PHYSICAL DESCRIPTION
Extent 278გვ;21სმ.
653 ## - INDEX TERM--UNCONTROLLED
Uncontrolled term ორთოგრაფიული ლექსიკონი.
942 ## - ADDED ENTRY ELEMENTS (KOHA)
Koha item type წიგნი
ეგზემპლარები
Withdrawn status Lost status Damaged status Not for loan Date acquired Barcode Date last seen Price effective from Koha item type
        2018-12-17 19351 2018-12-17 2018-12-17 წიგნი